000 00980aas a2200301 i 4500
001 200465041
003 TR-AnTOB
005 20250813142916.0
007 ta
008 250806q1930 tu qr||| ||| 010 0 tur d
022 _213034375
040 _aTR-AnTOB
_beng
_erda
_cTR-AnTOB
041 0 _atur
050 1 _aK9
222 1 0 _aHukuk Fakültesi mecmuası.
245 0 0 _aİstanbul Üniversitesi Hukuk Fakültesi mecmuası /
_cİstanbul Üniversitesi Hukuk Fakültesi.
264 1 _aİstanbul :
_bİstanbul Üniversitesi Hukuk Fakültesi,
_c1930-
300 _avolumes ;
_c23 cm
306 _aquarterly
336 _atext
_2rdacontent
_btxt
337 _aunmediated
_2rdamedia
_bn
338 _avolume
_2rdacarrier
_bnc
500 _aDergi basılı olarak bulunmamaktadır elektronik erişim linki mevcuttur
650 7 _aHukuk
_vSüreli yayınlar
_2etuturkob
_984591
856 _uhttps://dergipark.org.tr/en/pub/ihm
_zPdf
942 _cCR
_2lcc
999 _c200465041
_d83253